Lagrangian analysis and quantum mechanics : a mathematical structure related to asymptotic expansions and the Maslov index

Αποθηκεύτηκε σε:
Λεπτομέρειες βιβλιογραφικής εγγραφής
Κύριος συγγραφέας: Leray, Jean 1906-
Μορφή: Βιβλίο
Γλώσσα:English
Δημοσίευση: Cambridge : MIT Press, 1982
Θέματα:
Ετικέτες: Προσθήκη ετικέτας
Δεν υπάρχουν, Καταχωρήστε ετικέτα πρώτοι!

MARC

LEADER 00000nam a2200000 i 4500
001 1/75082
008 990504s1982 eng d
020 |a 0-262-12087-9 
035 |l 10049248 
040 |a GR-MY-UA  |b gre  |e aacr 
041 0 |a eng 
082 0 |a 515.353 
100 1 |a Leray, Jean  |d 1906- 
245 1 0 |a Lagrangian analysis and quantum mechanics :  |b a mathematical structure related to asymptotic expansions and the Maslov index /  |c Jean Leray ; english translation by Carolyn Schroeder 
260 |a Cambridge :   |b MIT Press,   |c 1982 
300 |a xvi, 271 p.;  |b ill.;  |c 24 cm. 
500 |a Includes bibliographical references 
650 0 0 |a Differential equations, Partial  |x Asymptotic theory. 
650 0 0 |a Lagrangian functions. 
650 0 0 |a Maslov index. 
650 0 0 |a Quantum theory. 
852 |a INST  |b SAMOS  |e 19990504  |h 515.353 LER  |p 005300012725  |q 005300012725  |t BK  |y 0 
901 |a BIBL-1999-2 
909 |a Σ  |b 063723 
922 |a 3ΕΛΗ  |b 199901  |c ΚΠΣ  |d GLORY